| 000 | 00334nam a2200109Ia 4500 | ||
|---|---|---|---|
| 008 | 200302s9999 xx 000 0 und d | ||
| 100 | _aJohn Boecker and others | ||
| 245 | _aThe integrative design guide to green building redefining the practice of sustainability | ||
| 260 | _bJohn Willey and Sons Inc. | ||
| 260 | _c2009 | ||
| 300 | _a398 | ||
| 999 |
_c6780 _d6780 |
||